| 000 | 02170nam a22001937a 4500 | ||
|---|---|---|---|
| 003 | 0 | ||
| 005 | 20241016094413.0 | ||
| 008 | 241016b xxu||||| |||| 00| 0 eng d | ||
| 020 | _a9781032488400 | ||
| 050 |
_aHB 172.5 _b.N54 2024 |
||
| 100 |
_aNiemira, Michael P., _eauthor. |
||
| 245 |
_aPractical macroeconomics for non-economists : _ba question and answer approach / _cMichael P. Niemira. |
||
| 260 |
_aNew York, NY : _bRoutledge, _c2024. |
||
| 300 |
_axx, 405 p. : _bill. ; _c25 cm. |
||
| 504 | _aIncludes bibliographical references and index. | ||
| 520 | _a"Practical Macroeconomics for Non-Economists provides the tools, the theory, and the empirical understanding of macroeconomics without the heavy lifting of the mathematical and econometric models. This accessible book introduces the building blocks of macroeconomic thinking and challenges the reader to apply these insights to learn why economists say what they do and what guides economic policymakers. Linking actual data to theoretical concepts, it explores competing economic theories, and uncovers some of the key controversies in macroeconomic theory and how different perspectives lead to alternative and vastly different policy recommendations. Key features include: - Coverage of all the key macroeconomic topics, such as GDP, inflation, unemployment, output and productivity, business cycles, aggregate demand/supply, and fiscal and monetary policy. - Question-and-answer format, covering the foundations of each topic in a logical progression, to provide the reader with a quick reference and more focused discussion. - "Advanced questions" to encourage deeper discussion. - Start-of-chapter learning objectives, which allow the reader to "see" the road ahead for each section. - End-of-chapter "Issues to think about" boxed features, which offer the reader an opportunity to apply critical thinking to the issues covered. - Resource manual and PowerPoints for instructors. Practical Macroeconomics for Non-Economists is the ideal textbook for anyone looking for a practical and non-technical introduction to the subject"--Provided by publisher. | ||
| 650 | _aMacroeconomics. | ||
| 942 |
_2lcc _cBK |
||
| 999 |
_c366565 _d366565 |
||